000 00519nam a2200193Ia 4500
005 20260120131540.0
008 008 260114s9999 xx 000 0 eng d
020 _a9780191916496
037 _aEBOOK
040 _aCRL
_beng
_cCRL
041 _aeng
_2eng
084 _qCRL
100 _aGertler
_9928317
245 0 _aManufacturing Culture
260 _bOxford University PressOxford University Press
_c2020
856 _uhttps://academic.oup.com/book/41775
942 _cEBOOK
999 _c1520236
_d1520236